Pla d'Acció Municipal 81 / Diputació de Barcelona. Servei del Pla d'Obres i Serveis de Cooperació
Descripción Física:
[146] f. : mecanografiats, [7] map. pleg. ; 29 cm
MARC
| LEADER | 00000nam a2200000Ia 4500 | ||
|---|---|---|---|
| 001 | 8067 | ||
| 003 | BGR | ||
| 005 | 20260324175742.0 | ||
| 008 | 160829s1981?] xx 000 0 cat d | ||
| 080 | |a M-3-189 | ||
| 110 | 1 | |a Barcelona (Catalunya : Província). |b Diputació |b Servei del Pla d'Obres i Serveis de Cooperació |9 52408 | |
| 245 | |a Pla d'Acció Municipal 81 / Diputació de Barcelona. Servei del Pla d'Obres i Serveis de Cooperació | ||
| 260 | |a [Barcelona : |b el Servei, |c 1981?] | ||
| 300 | |a [146] f. : |b mecanografiats, [7] map. pleg. ; |c 29 cm | ||
| 650 | |a Municipis |x Barcelona (Província) |x Subvencions |9 23036 | ||
| 901 | |a Arxiu | ||
| 942 | |n 1 |2 udc |c MON | ||
| 952 | |0 0 |1 0 |4 0 |6 M3189 |7 1 |9 49343 |a Arxiu |b Arxiu |d 2016-12-01 |l 0 |o M-3-189 |p 8067 |r 2016-12-01 00:00:00 |w 2016-12-01 |y ARXIU | ||
| 999 | |c 53185 |d 53185 | ||